[Event "Zaragoza Province-ch Primera"]
[Site "Zaragoza"]
[Date "2015.10.18"]
[Round "3"]
[White "Nunez Gonzalez, Victor Antonio"]
[Black "Requena Briones, Rafael Mariano"]
[Result "1-0"]
[WhiteElo "1824"]
[BlackElo "1615"]
[PlyCount "105"]
[EventDate "2015.09.27"]
[EventType "swiss"]
[EventRounds "6"]
[EventCountry "ESP"]
[SourceTitle "CBM 170 Extra"]
[Source "ChessBase"]
[SourceDate "2016.02.25"]
[SourceVersion "1"]
[SourceVersionDate "2016.02.25"]
[SourceQuality "1"]

1. e4 c5 2. Nf3 d6 3. d4 cxd4 4. Nxd4 Nf6 5. Nc3 g6 6. Bb5+ Bd7 7. Bxd7+ Nbxd7 8. 0-0 Bg7 9. Be3 0-0 10. f3 Rc8 11. Qd2 Re8 12. Nce2 Ne5 13. b3 a6 14. c4 Nfd7 15. Rac1 Nb8 16. Rc2 Nbc6 17. Rfc1 Nxd4 18. Bxd4 Qd7 19. Qc3 f6 20. Qe3 Nf7 21. Qd3 Bh6 22. Rd1 Ne5 23. Bxe5 fxe5 24. Nc3 Qc6 25. Qd5+ Kf8 26. Qxc6 Be3+ 27. Kf1 bxc6 28. Rd3 Ba7 29. g3 Kf7 30. Ne2 Red8 31. Rcd2 Rc7 32. f4 exf4 33. gxf4 c5 34. Nc3 Rf8 35. Nd5 Rcc8 36. Kg2 Kg7 37. Kg3 Rf7 38. Rf3 Rcf8 39. Nc7 Rf6 40. f5 gxf5 41. exf5 Kf7 42. h4 a5 43. Re2 Rg8+ 44. Kh3 Rh6 45. Nd5 Re8 46. Rfe3 e5 47. fxe6+ Rexe6 48. Rf3+ Kg7 49. Rg2+ Reg6 50. Rgf2 Kh8 51. Ne7 Re6 52. Rf8+ Kg7 53. R2f7# 1-0